<?xml version="1.0" encoding="UTF-8"?>
<record
    xmlns:xsi="http://www.w3.org/2001/XMLSchema-instance"
    xsi:schemaLocation="http://www.loc.gov/MARC21/slim http://www.loc.gov/standards/marcxml/schema/MARC21slim.xsd"
    xmlns="http://www.loc.gov/MARC21/slim">

  <leader>01625cam a2200277 a 4500</leader>
  <controlfield tag="001">13096301</controlfield>
  <controlfield tag="003">OSt</controlfield>
  <controlfield tag="005">20230622115311.0</controlfield>
  <controlfield tag="008">030219s2004    caua     b    001 0 eng  </controlfield>
  <datafield tag="010" ind1=" " ind2=" ">
    <subfield code="a">  2003102659</subfield>
  </datafield>
  <datafield tag="020" ind1=" " ind2=" ">
    <subfield code="a">9781435469938</subfield>
  </datafield>
  <datafield tag="020" ind1=" " ind2=" ">
    <subfield code="a">1435469933</subfield>
  </datafield>
  <datafield tag="040" ind1=" " ind2=" ">
    <subfield code="a">DLC</subfield>
    <subfield code="c">DLC</subfield>
    <subfield code="d">DLC</subfield>
  </datafield>
  <datafield tag="050" ind1="0" ind2="0">
    <subfield code="a">HV8073.H58</subfield>
  </datafield>
  <datafield tag="082" ind1="0" ind2="4">
    <subfield code="a">363.25</subfield>
    <subfield code="2">21</subfield>
  </datafield>
  <datafield tag="100" ind1="1" ind2=" ">
    <subfield code="a">Hess, Karen M.</subfield>
    <subfield code="9">1135</subfield>
  </datafield>
  <datafield tag="245" ind1="1" ind2="0">
    <subfield code="a">Criminal investigation. /</subfield>
    <subfield code="c">K&#xE4;ren M. Hess, Christen Hess Orthmann</subfield>
  </datafield>
  <datafield tag="250" ind1=" " ind2=" ">
    <subfield code="a">9th ed.</subfield>
  </datafield>
  <datafield tag="260" ind1=" " ind2=" ">
    <subfield code="a">London :</subfield>
    <subfield code="b">Delmar Cengage Learning,</subfield>
    <subfield code="c">2010.</subfield>
  </datafield>
  <datafield tag="300" ind1=" " ind2=" ">
    <subfield code="a">xxv, 725  p.:</subfield>
    <subfield code="b">ill. (some col.) ;</subfield>
    <subfield code="c">26 cm. </subfield>
  </datafield>
  <datafield tag="504" ind1=" " ind2=" ">
    <subfield code="a">Includes bibliographical references and indexes.</subfield>
  </datafield>
  <datafield tag="505" ind1=" " ind2=" ">
    <subfield code="a">Contents:Introduction: Criminal investigation: an overview -- Documenting the crime scene -- Writing effective reports -- Searches -- Forensics/physical evidence -- Obtaining information and intelligence -- Identifying and arresting suspects -- Investigating violent crimes: Death investigations -- Assault, domestic violence, stalking and elder abuse -- Sex offenses -- Crimes against children -- Robbery -- Investigating crimes against property: Burglary -- Larceny/theft, fraud and white-collar crime -- Motor vehicle theft -- Arson, bombs and explosives -- Other challenges to the criminal investigator: Computer crime -- a dual threat: drug-related crime and organized crime -- Criminal activities of gangs and other dangerous groups -- Terrorism and homeland security -- Preparing for and presenting cases in court - </subfield>
  </datafield>
  <datafield tag="650" ind1=" " ind2="0">
    <subfield code="a">Criminal investigation.</subfield>
    <subfield code="9">1136</subfield>
  </datafield>
  <datafield tag="700" ind1="1" ind2=" ">
    <subfield code="a">Orthmann, Christine Hess</subfield>
    <subfield code="9">1137</subfield>
  </datafield>
  <datafield tag="942" ind1=" " ind2=" ">
    <subfield code="2">ddc</subfield>
    <subfield code="c">BK</subfield>
  </datafield>
  <datafield tag="999" ind1=" " ind2=" ">
    <subfield code="c">9487</subfield>
    <subfield code="d">16987</subfield>
  </datafield>
  <datafield tag="952" ind1=" " ind2=" ">
    <subfield code="0">0</subfield>
    <subfield code="1">0</subfield>
    <subfield code="2">lcc</subfield>
    <subfield code="4">0</subfield>
    <subfield code="7">0</subfield>
    <subfield code="a">WIUC-KL</subfield>
    <subfield code="b">WIUC-KL</subfield>
    <subfield code="c">LL</subfield>
    <subfield code="d">2023-03-24</subfield>
    <subfield code="o">HV8073.H58(9e)</subfield>
    <subfield code="p">KSL/1741/004/23</subfield>
    <subfield code="r">2023-04-03 00:00:00</subfield>
    <subfield code="t">1</subfield>
    <subfield code="y">BK</subfield>
  </datafield>
  <datafield tag="952" ind1=" " ind2=" ">
    <subfield code="0">0</subfield>
    <subfield code="1">0</subfield>
    <subfield code="2">lcc</subfield>
    <subfield code="4">0</subfield>
    <subfield code="7">0</subfield>
    <subfield code="a">WIUC-KL</subfield>
    <subfield code="b">WIUC-KL</subfield>
    <subfield code="c">LL</subfield>
    <subfield code="d">2023-03-24</subfield>
    <subfield code="o">HV8073.H581(9e)</subfield>
    <subfield code="p">KSL/1742/005/23</subfield>
    <subfield code="r">2023-04-03 00:00:00</subfield>
    <subfield code="t">2</subfield>
    <subfield code="y">BK</subfield>
  </datafield>
</record>
